[Event "POL-ch rapid"]
[Site "Zgierz"]
[Date "2018.03.04"]
[Round "9"]
[White "Filewicz, Przemyslaw"]
[Black "Kanarek, Marcel"]
[Result "1/2-1/2"]
[WhiteElo "2123"]
[BlackElo "2506"]
[PlyCount "135"]
[EventDate "2018.03.04"]
[EventType "swiss (rapid)"]
[EventRounds "9"]
[EventCountry "POL"]
[SourceTitle "CBM 183 Extra"]
[Source "ChessBase"]
[SourceDate "2018.04.19"]
[SourceVersion "1"]
[SourceVersionDate "2018.04.19"]
[SourceQuality "1"]

1. d4 Nf6 2. Nf3 g6 3. e3 Bg7 4. Be2 0-0 5. 0-0 b6 6. b3 Bb7 7. Bb2 d6 8. c4 e5 9. dxe5 Ng4 10. h3 Nxe5 11. Nxe5 dxe5 12. Nc3 e4 13. Qc2 Qe7 14. Nd5 Bxd5 15. Bxg7 Kxg7 16. cxd5 Nd7 17. Rac1 Nf6 18. Rfd1 Rfd8 19. Qxc7 Rd7 20. Qc6 Rad8 21. Bc4 Rd6 22. Qb5 Qe5 23. Rd4 g5 24. Qa4 a5 25. g3 Qf5 26. Bf1 Rxd5 27. Rcd1 Qe5 28. Rxd5 Rxd5 29. Rxd5 Qxd5 30. Qc4 Qxc4 31. Bxc4 Ne8 32. g4 Nd6 33. Be2 Kf6 34. Kf1 b5 35. Ke1 b4 36. Kd2 Ke5 37. Kc2 Nc8 38. Kb2 Ne7 39. a3 f5 40. axb4 axb4 41. Kc2 f4 42. Bc4 h6 43. Kd2 Nc6 44. Ke2 Na5 45. Bg8 f3+ 46. Kd2 Nb7 47. Bf7 Nd6 48. Bg8 Nb5 49. Bf7 Nc3 50. Bc4 Kd6 51. Ba6 Nd5 52. Bc4 Nf6 53. Bf7 Ke5 54. Bc4 h5 55. gxh5 Nxh5 56. Bb5 Nf6 57. Bc4 Kf5 58. Ke1 Nd7 59. Bg8 Ne5 60. Bh7+ Ng6 61. Kf1 Kf6 62. Bxg6 Kxg6 63. Kg1 Kh5 64. Kh1 Kh4 65. Kh2 g4 66. hxg4 Kxg4 67. Kg1 Kh3 68. Kh1 1/2-1/2

[Event "POL-chT rapid"]
[Site "Zgierz"]
[Date "2018.03.03"]
[Round "4.25"]
[White "Duda, Jan Krzysztof"]
[Black "Filewicz, Przemyslaw"]
[Result "1/2-1/2"]
[WhiteElo "2724"]
[BlackElo "2123"]
[PlyCount "82"]
[EventDate "2018.03.03"]
[EventType "team-swiss (rapid)"]
[EventRounds "9"]
[EventCountry "POL"]
[SourceTitle "CBM 183 Extra"]
[Source "ChessBase"]
[SourceDate "2018.04.19"]
[SourceVersion "1"]
[SourceVersionDate "2018.04.19"]
[SourceQuality "1"]
[WhiteTeam "Wieliczka MKS MOS"]
[BlackTeam "Bialystok MUKS Stoczek 45"]
[WhiteTeamCountry "POL"]
[BlackTeamCountry "POL"]

1. e4 e6 2. Nf3 d5 3. exd5 exd5 4. d4 Nc6 5. c3 Bg4 6. Bd3 Bd6 7. h3 Bh5 8. Be3 Nge7 9. Nbd2 Qd7 10. Qb3 0-0-0 11. 0-0-0 f5 12. Bg5 h6 13. Bxe7 Bxe7 14. Rde1 Bf6 15. Bb5 Rhe8 16. Qa4 Kb8 17. Bxc6 Qxc6 18. Qxc6 bxc6 19. Ne5 Bxe5 20. dxe5 Kb7 21. f4 Kb6 22. Nb3 c5 23. Rhg1 Bg6 24. Rd1 c4 25. Nd4 c5 26. Nf3 Kc6 27. Rd2 Bh7 28. Rdd1 Re7 29. Rd2 Rg8 30. h4 Bg6 31. Rgd1 Rd8 32. Rg1 Bh5 33. Rgd1 a5 34. a3 Bg4 35. Kb1 a4 36. Kc2 Rb7 37. Kb1 Re7 38. Kc2 Re6 39. Kc1 Re7 40. Kb1 Re6 41. Kc1 Re7 1/2-1/2

[Event "Lazy op 11th"]
[Site "Lazy"]
[Date "2015.07.07"]
[Round "9"]
[White "Filewicz, Przemyslaw"]
[Black "Krainski, Aleksander"]
[Result "1/2-1/2"]
[WhiteElo "2052"]
[BlackElo "2165"]
[PlyCount "75"]
[EventDate "2015.06.28"]
[EventType "swiss"]
[EventRounds "9"]
[EventCountry "POL"]
[SourceTitle "CBM 167 Extra"]
[Source "ChessBase"]
[SourceDate "2015.09.14"]
[SourceVersion "1"]
[SourceVersionDate "2015.09.14"]
[SourceQuality "1"]

1. d4 d5 2. c4 c6 3. Nc3 Nf6 4. Nf3 e6 5. Bg5 Nbd7 6. e3 h6 7. Bh4 Be7 8. Qc2 0-0 9. cxd5 exd5 10. Bd3 Re8 11. 0-0 Nf8 12. Bxf6 Bxf6 13. h3 Be6 14. Na4 Qd6 15. b4 Re7 16. Qc5 Qd8 17. Rab1 Rc7 18. Rfc1 Rcc8 19. Qc2 Nd7 20. Nc5 Nxc5 21. bxc5 b5 22. a4 a6 23. Qc3 Qd7 24. Ne5 Bxe5 25. dxe5 Bf5 26. f4 Rf8 27. Bxf5 Qxf5 28. axb5 axb5 29. Ra1 Rfb8 30. Rxa8 Rxa8 31. Ra1 Qc8 32. Rxa8 Qxa8 33. f5 Qa2 34. Kh2 Qc4 35. Qa5 Qxc5 36. Qa8+ Kh7 37. Qe8 Qxe3 38. e6 1/2-1/2

[Event "Bialystok-ch"]
[Site "Bialystok"]
[Date "2015.??.??"]
[Round "6"]
[White "Filewicz, Przemyslaw"]
[Black "Kosakowski, Jakub"]
[Result "1-0"]
[WhiteElo "1961"]
[BlackElo "2191"]
[PlyCount "57"]
[EventDate "2015.05.01"]
[EventType "swiss"]
[EventRounds "9"]
[EventCountry "POL"]
[SourceTitle "CBM 166 Extra"]
[Source "ChessBase"]
[SourceDate "2015.06.18"]
[SourceVersion "1"]
[SourceVersionDate "2015.06.18"]
[SourceQuality "1"]

1. d4 Nf6 2. c4 g6 3. Nc3 d5 4. Nf3 Bg7 5. e3 0-0 6. cxd5 Nxd5 7. Bc4 Nxc3 8. bxc3 c5 9. 0-0 Qc7 10. Qe2 e6 11. e4 b6 12. Rd1 Bb7 13. Bg5 Nd7 14. Rac1 Rac8 15. d5 exd5 16. exd5 Rfe8 17. d6 Qb8 18. Bxf7+ Kh8 19. Bxe8 Rxe8 20. Qb5 Qc8 21. Be7 Ba6 22. Qb1 Qc6 23. Re1 Bb7 24. Qd3 c4 25. Qf1 Qd5 26. Rcd1 Qf7 27. Ng5 Qf4 28. Ne6 Qf5 29. Nxg7 1-0

[Event "Bialystok-ch"]
[Site "Bialystok"]
[Date "2015.??.??"]
[Round "7"]
[White "Olhovik, Andrei"]
[Black "Filewicz, Przemyslaw"]
[Result "1-0"]
[WhiteElo "2308"]
[BlackElo "1961"]
[PlyCount "99"]
[EventDate "2015.05.01"]
[EventType "swiss"]
[EventRounds "9"]
[EventCountry "POL"]
[SourceTitle "CBM 166 Extra"]
[Source "ChessBase"]
[SourceDate "2015.06.18"]
[SourceVersion "1"]
[SourceVersionDate "2015.06.18"]
[SourceQuality "1"]

1. d4 Nf6 2. c4 g6 3. Nc3 Bg7 4. e4 d6 5. Be2 0-0 6. Bg5 Nc6 7. d5 Nb8 8. Qd2 c6 9. Nf3 Nbd7 10. Nd4 cxd5 11. cxd5 a6 12. 0-0 Nc5 13. f3 Bd7 14. Rfc1 Qb6 15. Be3 Rfc8 16. Rab1 a5 17. Ndb5 a4 18. b4 axb3 19. axb3 Qd8 20. Qd1 Qf8 21. b4 Na6 22. Qd2 h5 23. Na7 Rd8 24. Bxa6 bxa6 25. Nc6 Bxc6 26. dxc6 Rdc8 27. b5 axb5 28. Nxb5 Qd8 29. Na7 Rc7 30. Rb7 Ne8 31. Bb6 Rxb7 32. Bxd8 Rbxa7 33. Bb6 Ra6 34. Bd4 Ra2 35. Qd1 Bh6 36. Rc2 R2a6 37. Qd3 Nc7 38. e5 Bf4 39. e6 f5 40. g3 Ra3 41. Qe2 R3a4 42. Bb6 Ra1+ 43. Kg2 Nd5 44. Qb5 Be3 45. Qxd5 Bxb6 46. c7 Rg1+ 47. Kh3 Rc8 48. Qb7 g5 49. Qxc8+ Kg7 50. Qe8 1-0

[Event "Lazy op 10th"]
[Site "Lazy"]
[Date "2014.06.30"]
[Round "2"]
[White "Madynski, Pawel"]
[Black "Filewicz, Przemyslaw"]
[Result "1-0"]
[WhiteElo "2086"]
[BlackElo "1924"]
[PlyCount "55"]
[EventDate "2014.06.29"]
[EventType "swiss"]
[EventRounds "9"]
[EventCountry "POL"]
[SourceTitle "CBM 161 Extra"]
[Source "ChessBase"]
[SourceDate "2014.08.29"]
[SourceVersion "1"]
[SourceVersionDate "2014.08.29"]
[SourceQuality "1"]

1. Nf3 Nf6 2. c4 g6 3. b3 Bg7 4. Bb2 0-0 5. g3 d6 6. d4 c5 7. Bg2 Nc6 8. d5 Na5 9. Nbd2 a6 10. 0-0 b5 11. e4 bxc4 12. bxc4 Rb8 13. Bc3 Bd7 14. Qc1 Ng4 15. Bxg7 Kxg7 16. Rb1 Rxb1 17. Qc3+ e5 18. dxe6+ f6 19. Rxb1 Bxe6 20. Ng5 Bg8 21. f4 Nxc4 22. Nxc4 Bxc4 23. Rb7+ Rf7 24. Qxc4 Rxb7 25. Ne6+ Kh6 26. Nxd8 Rb1+ 27. Bf1 Ne3 28. Qd3 1-0

[Event "Bialystok Spring qual"]
[Site "Bialystok"]
[Date "2014.??.??"]
[Round "6"]
[White "Burakowska, Gabriela"]
[Black "Filewicz, Przemyslaw"]
[Result "1/2-1/2"]
[WhiteElo "1812"]
[BlackElo "1921"]
[PlyCount "85"]
[EventDate "2014.04.??"]
[EventType "swiss"]
[EventRounds "9"]
[EventCountry "POL"]
[SourceTitle "EXT 2016"]
[Source "ChessBase"]
[SourceDate "2015.10.08"]
[SourceVersion "1"]
[SourceVersionDate "2015.10.08"]
[SourceQuality "1"]

1. c4 Nf6 2. Nc3 c6 3. Nf3 d5 4. cxd5 cxd5 5. d4 Bf5 6. Bf4 e6 7. e3 Be7 8. Bb5+ Nbd7 9. 0-0 0-0 10. h3 a6 11. Be2 b5 12. Nh4 Be4 13. f3 b4 14. Na4 Bg6 15. Nxg6 hxg6 16. Rc1 Rc8 17. Qd2 Qa5 18. b3 Nb6 19. Nxb6 Qxb6 20. Rc2 Nh5 21. Bh2 Bd6 22. Bxd6 Qxd6 23. Rfc1 Rxc2 24. Qxc2 Ng3 25. Bd3 Nf5 26. Bxf5 gxf5 27. Qc6 Qxc6 28. Rxc6 Ra8 29. Kf2 g5 30. Kg3 Kg7 31. h4 gxh4+ 32. Kxh4 Kf6 33. Kg3 Rg8+ 34. Kf2 Ra8 35. Ke2 a5 36. Rc5 Kg5 37. Rc7 f6 38. Rg7+ Kh4 39. Rc7 Ra6 40. Rh7+ Kg5 41. Rg7+ Kh5 42. Rh7+ Kg5 43. Rg7+ 1/2-1/2

[Event "Bialystok Spring qual"]
[Site "Bialystok"]
[Date "2014.??.??"]
[Round "1"]
[White "Filewicz, Przemyslaw"]
[Black "Kondrusik, Aleksander"]
[Result "1-0"]
[WhiteElo "1921"]
[BlackElo "1542"]
[PlyCount "85"]
[EventDate "2014.04.??"]
[EventType "swiss"]
[EventRounds "9"]
[EventCountry "POL"]
[SourceTitle "EXT 2016"]
[Source "ChessBase"]
[SourceDate "2015.10.08"]
[SourceVersion "1"]
[SourceVersionDate "2015.10.08"]
[SourceQuality "1"]

1. Nf3 Nf6 2. d4 d5 3. c4 e6 4. Bg5 Be7 5. cxd5 Nxd5 6. Bxe7 Qxe7 7. Nc3 0-0 8. e3 b6 9. Nxd5 exd5 10. Rc1 Bb7 11. Qc2 Rc8 12. Bd3 g6 13. 0-0 Nd7 14. Qe2 c5 15. Ba6 Rc7 16. Bxb7 Rxb7 17. Rfd1 c4 18. Nd2 b5 19. f3 a6 20. e4 Re8 21. Qf2 Nb6 22. Re1 Qd8 23. e5 Rbe7 24. f4 Na4 25. Nf3 Qa5 26. f5 Qb4 27. f6 Re6 28. Re2 c3 29. b3 Nb2 30. Qh4 Nd3 31. Qh6 Qf8 32. Qxf8+ Kxf8 33. Rxc3 Nb4 34. Rc7 Rxf6 35. exf6 Rxe2 36. Ne5 Rc2 37. Rxf7+ Ke8 38. Re7+ Kd8 39. Nf7+ Kc8 40. Nd6+ Kb8 41. f7 Rc1+ 42. Kf2 Nd3+ 43. Kg3 1-0

[Event "Bialystok-ch"]
[Site "Bialystok"]
[Date "2014.??.??"]
[Round "6"]
[White "Filewicz, Radoslaw"]
[Black "Filewicz, Przemyslaw"]
[Result "0-1"]
[WhiteElo "1684"]
[BlackElo "1887"]
[PlyCount "44"]
[EventDate "2014.11.08"]
[EventType "swiss"]
[EventRounds "7"]
[EventCountry "POL"]
[SourceTitle "CBM 163 Extra"]
[Source "ChessBase"]
[SourceDate "2014.12.23"]
[SourceVersion "1"]
[SourceVersionDate "2014.12.23"]
[SourceQuality "1"]

1. d4 d6 2. Nf3 g6 3. Bf4 Bg7 4. e3 c5 5. c3 cxd4 6. exd4 Nf6 7. Bd3 0-0 8. 0-0 a6 9. Nbd2 b5 10. a4 bxa4 11. Qxa4 Bb7 12. Qb3 Qc7 13. Rfe1 Nbd7 14. Rxe7 Nd5 15. Re4 N7f6 16. c4 Nxe4 17. Bxe4 Nxf4 18. Qxb7 Qxb7 19. Bxb7 Rab8 20. Bxa6 Rxb2 21. c5 dxc5 22. dxc5 Rxd2 0-1

[Event "Bialystok Spring qual"]
[Site "Bialystok"]
[Date "2014.??.??"]
[Round "2"]
[White "Pytel, Maciej"]
[Black "Filewicz, Przemyslaw"]
[Result "0-1"]
[WhiteElo "1652"]
[BlackElo "1921"]
[PlyCount "68"]
[EventDate "2014.04.??"]
[EventType "swiss"]
[EventRounds "9"]
[EventCountry "POL"]
[SourceTitle "EXT 2016"]
[Source "ChessBase"]
[SourceDate "2015.10.08"]
[SourceVersion "1"]
[SourceVersionDate "2015.10.08"]
[SourceQuality "1"]

1. e4 d5 2. exd5 Qxd5 3. Nc3 Qd8 4. Nf3 Nf6 5. d4 Bg4 6. Be2 e6 7. h3 Bxf3 8. Bxf3 c6 9. 0-0 Be7 10. Be3 0-0 11. Ne2 Nd5 12. c4 Nxe3 13. fxe3 Nd7 14. Qb3 Qb6 15. Qc2 Bg5 16. Kf2 Rae8 17. c5 Qc7 18. b4 Nf6 19. e4 e5 20. Rad1 exd4 21. Rxd4 Kh8 22. Ke1 Bh4+ 23. Kd1 Rd8 24. Kc1 Rxd4 25. Nxd4 Qe5 26. Rd1 Rd8 27. Nb3 Bg5+ 28. Kb1 Rxd1+ 29. Qxd1 Nxe4 30. Bxe4 Qxe4+ 31. Qc2 Qe1+ 32. Kb2 Qxb4 33. Qe2 Bf6+ 34. Kc2 g6 0-1

[Event "Bialystok op"]
[Site "Bialystok"]
[Date "2013.11.11"]
[Round "9"]
[White "Kondrusik, Aleksander"]
[Black "Filewicz, Przemyslaw"]
[Result "0-1"]
[WhiteElo "1539"]
[BlackElo "1875"]
[PlyCount "166"]
[EventDate "2013.11.02"]
[EventType "swiss"]
[EventRounds "9"]
[EventCountry "POL"]
[SourceTitle "CBM 157 Extra"]
[Source "ChessBase"]
[SourceDate "2013.12.19"]
[SourceVersion "1"]
[SourceVersionDate "2013.12.19"]
[SourceQuality "1"]

1. e4 d6 2. Nc3 g6 3. g3 Bg7 4. d4 Nd7 5. Be3 Ngf6 6. h3 0-0 7. Bg2 e5 8. Nge2 c6 9. Qd2 Nb6 10. b3 Qc7 11. 0-0 Be6 12. Rad1 Rad8 13. a4 a5 14. d5 Bc8 15. Nb1 Na8 16. c4 c5 17. Nbc3 b6 18. f4 exf4 19. Bxf4 Nh5 20. Nb5 Qe7 21. Bg5 f6 22. Be3 Bh8 23. g4 Ng7 24. Bf4 Nc7 25. Nbc3 Na6 26. Qe1 Nb8 27. Qg3 g5 28. Bd2 Nd7 29. Rf2 Ne5 30. Rdf1 h5 31. Bf3 h4 32. Qg2 Nd3 33. Nd1 Ne8 34. Ne3 Nc7 35. Nf5 Bxf5 36. gxf5 Nxf2 37. Rxf2 Qh7 38. Nf4 Rf7 39. Ne6 Rdd7 40. Qh2 Na6 41. Rg2 Bg7 42. Rg4 Kh8 43. Qf2 Bh6 44. Qe3 Nb8 45. Qc3 Kg8 46. Kh2 Rde7 47. Qd3 Nd7 48. Bc3 Nf8 49. Nd8 Nd7 50. Ne6 Nf8 51. Nd8 Re8 52. Nxf7 Qxf7 53. Qd2 Re7 54. Qb2 Bg7 55. Qg2 Nd7 56. Qb2 Kf8 57. Qd2 Ke8 58. Kg1 Nb8 59. Kg2 Kd8 60. Kf2 Ra7 61. Ke3 Na6 62. Qh2 Qe7 63. Ke2 Nc7 64. Kd3 Qd7 65. Ke3 Ne8 66. Kd3 Bf8 67. Ke3 Be7 68. Kd3 Ng7 69. Ke3 Kc7 70. Qc2 Ra8 71. Qd3 Nh5 72. Qf1 Re8 73. Rg1 Ng3 74. Qa1 Bf8 75. Kd3 Qh7 76. Bxf6 Nxf5 77. Bxg5 Nd4 78. Bh1 Bg7 79. Qd1 Bh8 80. Rg4 Kb7 81. Rxh4 Qg7 82. Rg4 Nf5 83. exf5 Qc3# 0-1

[Event "Bialystok op"]
[Site "Bialystok"]
[Date "2013.11.02"]
[Round "1"]
[White "Grabarczyk, Edmund"]
[Black "Filewicz, Przemyslaw"]
[Result "0-1"]
[WhiteElo "1429"]
[BlackElo "1875"]
[PlyCount "52"]
[EventDate "2013.11.02"]
[EventType "swiss"]
[EventRounds "9"]
[EventCountry "POL"]
[SourceTitle "CBM 157 Extra"]
[Source "ChessBase"]
[SourceDate "2013.12.19"]
[SourceVersion "1"]
[SourceVersionDate "2013.12.19"]
[SourceQuality "1"]

1. e4 d6 2. d4 g6 3. Nf3 Bg7 4. Bd3 Nd7 5. 0-0 e5 6. c3 Ngf6 7. Re1 0-0 8. Bg5 h6 9. Bd2 a6 10. h3 Qe7 11. Na3 b5 12. Nc2 c5 13. d5 c4 14. Bf1 Nc5 15. Qc1 Kh7 16. Nb4 Nfxe4 17. Nc6 Qe8 18. Be3 Bb7 19. Nh2 Bxc6 20. dxc6 f5 21. f3 Ng3 22. f4 Nxf1 23. Nxf1 Nd3 24. Qd2 Nxe1 25. Rxe1 Qxc6 26. Rd1 Rad8 0-1

[Event "Bialystok Spring op"]
[Site "Bialystok"]
[Date "2013.05.05"]
[Round "9"]
[White "Borawski, Jakub"]
[Black "Filewicz, Przemyslaw"]
[Result "1-0"]
[WhiteElo "1973"]
[BlackElo "1789"]
[PlyCount "59"]
[EventDate "2013.05.01"]
[EventType "swiss"]
[EventRounds "9"]
[EventCountry "POL"]
[SourceTitle "EXT 2018"]
[Source "ChessBase"]
[SourceDate "2017.10.13"]
[SourceVersion "1"]
[SourceVersionDate "2017.10.13"]
[SourceQuality "1"]

1. e4 c5 2. Nf3 e6 3. d4 cxd4 4. Nxd4 a6 5. Bd3 Nf6 6. 0-0 d6 7. c4 Qc7 8. Nc3 Nbd7 9. Be3 Ne5 10. Be2 Bd7 11. Rc1 Be7 12. f4 Nc6 13. Bf3 0-0 14. Nd5 Qd8 15. Nxc6 Bxc6 16. Bb6 Qd7 17. Nxe7+ Qxe7 18. Re1 Nd7 19. Bc7 Qf6 20. Bxd6 Rfd8 21. e5 Bxf3 22. Qxf3 Qh6 23. Rcd1 Nf8 24. Qxb7 Ng6 25. g3 Qh3 26. Qg2 Qg4 27. h3 Qf5 28. Rd4 h5 29. g4 Nh4 30. gxf5 1-0

[Event "Bialystok Spring op"]
[Site "Bialystok"]
[Date "2013.05.03"]
[Round "5"]
[White "Filewicz, Radoslaw"]
[Black "Filewicz, Przemyslaw"]
[Result "1/2-1/2"]
[WhiteElo "1326"]
[BlackElo "1789"]
[PlyCount "79"]
[EventDate "2013.05.01"]
[EventType "swiss"]
[EventRounds "9"]
[EventCountry "POL"]
[SourceTitle "EXT 2018"]
[Source "ChessBase"]
[SourceDate "2017.10.13"]
[SourceVersion "1"]
[SourceVersionDate "2017.10.13"]
[SourceQuality "1"]

1. d4 c5 2. c3 Nf6 3. Nf3 e6 4. g3 b6 5. Bg2 Bb7 6. 0-0 Be7 7. Bg5 d6 8. Nbd2 Nbd7 9. Re1 Ne4 10. Bxe7 Qxe7 11. Rc1 f5 12. Nxe4 Bxe4 13. Nd2 Bxg2 14. Kxg2 Nf6 15. e4 fxe4 16. Nxe4 Qb7 17. Qf3 Nxe4 18. Rxe4 0-0-0 19. Rxe6 Qxf3+ 20. Kxf3 Rhf8+ 21. Kg2 Rf7 22. Rce1 Kd7 23. R6e2 Rdf8 24. Rd1 Rf5 25. dxc5 bxc5 26. c4 g5 27. Rd5 Rxd5 28. cxd5 Rf5 29. Rd2 g4 30. f4 gxf3+ 31. Kf2 Kc7 32. g4 Rf4 33. h3 Kb6 34. Ke3 Rf7 35. Rf2 Re7+ 36. Kxf3 Re5 37. Rd2 c4 38. Kf4 Kc5 39. g5 Re1 40. h4 1/2-1/2

[Event "POL-ch U16"]
[Site "Szczyrk"]
[Date "2013.??.??"]
[Round "8"]
[White "Filewicz, Przemyslaw"]
[Black "Ulanowski, Karol"]
[Result "0-1"]
[WhiteElo "1751"]
[BlackElo "2118"]
[PlyCount "72"]
[EventDate "2013.03.17"]
[EventType "swiss"]
[EventRounds "9"]
[EventCountry "POL"]
[SourceTitle "CBM 153 Extra"]
[Source "ChessBase"]
[SourceDate "2013.04.22"]
[SourceVersion "1"]
[SourceVersionDate "2013.04.22"]
[SourceQuality "1"]

1. e4 c5 2. Nf3 d6 3. d4 cxd4 4. Nxd4 Nf6 5. Nc3 a6 6. f3 e6 7. Be3 b5 8. Qd2 Nbd7 9. 0-0-0 Bb7 10. Kb1 b4 11. Nce2 d5 12. exd5 Nxd5 13. Bg5 Qb6 14. Re1 h6 15. Bh4 Bc5 16. Nb3 Be3 17. Qd1 a5 18. Nd2 Rc8 19. Nc1 Nc3+ 20. bxc3 Bxd2 21. c4 Bxe1 22. Qxe1 0-0 23. Bf2 Qc7 24. Nb3 Ba6 25. Nd2 Nb6 26. Bxb6 Qxb6 27. Bd3 a4 28. Qe4 f5 29. Qe5 Rc5 30. Qe3 Rc6 31. Qe2 Qd4 32. Re1 Qc3 33. Qd1 Rd8 34. g4 b3 35. axb3 axb3 36. Nxb3 Bxc4 0-1

[Event "Bialystok Autumn op"]
[Site "Bialystok"]
[Date "2012.11.10"]
[Round "8.3"]
[White "Filewicz, Przemyslaw"]
[Black "Burakowska, Gabriela"]
[Result "1-0"]
[WhiteElo "1702"]
[BlackElo "1638"]
[PlyCount "87"]
[EventDate "2012.11.02"]
[EventType "swiss"]
[EventRounds "9"]
[EventCountry "POL"]
[SourceTitle "EXT 2023"]
[Source "ChessBase"]
[SourceDate "2022.10.05"]
[SourceVersion "1"]
[SourceVersionDate "2022.10.05"]
[SourceQuality "1"]

1. d4 Nf6 2. c4 e6 3. Nc3 d5 4. Nf3 Be7 5. Bf4 0-0 6. Rc1 c6 7. e3 Nbd7 8. h3 dxc4 9. Bxc4 b5 10. Bd3 Bb7 11. 0-0 a6 12. Qe2 c5 13. dxc5 Nxc5 14. Bc2 Nd5 15. Nxd5 Bxd5 16. b3 Ne4 17. Rfd1 Qb6 18. Bc7 Qb7 19. Be5 Rac8 20. Bb2 Kh8 21. Bb1 Bf6 22. Ne5 Rxc1 23. Rxc1 Rc8 24. Nxf7+ Kg8 25. Rxc8+ Qxc8 26. Bxe4 Bxb2 27. Bxh7+ Kxf7 28. Qxb2 Qc6 29. Qb1 Qc3 30. Bg6+ Ke7 31. e4 Bb7 32. Bh5 Qd4 33. Bf3 Qc3 34. Qd1 Qc7 35. g3 Qc3 36. Kg2 Qb2 37. Qe1 Qe5 38. a3 Kf7 39. h4 Qc5 40. Qd2 Ke7 41. b4 Qe5 42. Qe3 Qc7 43. Qg5+ Kf8 44. h5 1-0